000 00472nam a22001697a 4500
005 20251108165229.0
008 250721s1955 xx 000 0 ara d
082 1 4 _a915.4/كبي
100 1 _aكبير، همايون
245 1 0 _aالتراث الهندي /
264 1 _aنيودلهي :
_bمجلس الهند للروابط الثقافيه،
_c1955.
300 _a272ص
650 1 7 _aالهند
650 1 7 _aالحضارة
942 _2ddc
_cBK
999 _c22750
_d22750